000 00433nam a2200169Ia 4500
008 090711s9999 xx 000 0 und d
082 _b71972
100 _aजाधव प्रल्हाद
245 _aयमक
260 _c1993
300 _a68
600 _aजाधव प्रल्हाद
630 _aयमक
700 _aजाधव प्रल्हाद
730 _aयमक
942 _cBOOK
999 _c308408
_d308408